د ر خت کی نصيحت (Record no. 174391)
[ view plain ]
| 000 -LEADER | |
|---|---|
| fixed length control field | 00592nam a22001937a 4500 |
| 005 - DATE AND TIME OF LATEST TRANSACTION | |
| control field | 20250626124509.0 |
| 010 ## - LCCN (DPL NO) | |
| LC control number | UR-10790 |
| 020 ## - INTERNATIONAL STANDARD BOOK NUMBER | |
| Terms of availability | 50.00 |
| International Standard Book Number | - |
| 035 ## - SYSTEM CONTROL NUMBER | |
| System control number | U-9345 |
| 037 ## - SOURCE OF ACQUISITION | |
| Source of stock number/acquisition | DBAD/PUB |
| 082 ## - DEWEY DECIMAL CLASSIFICATION NUMBER | |
| Classification number | ک |
| 100 ## - MAIN ENTRY--PERSONAL NAME | |
| Personal name | فر يد ہ حفيظ |
| 245 ## - TITLE STATEMENT | |
| Title | د ر خت کی نصيحت |
| Statement of responsibility, etc | فر يد ہ حفيظ |
| 246 ## - VARYING FORM OF TITLE | |
| Remainder of title | Darakht Ki Nasihat (Urdu) |
| Title proper/short title | by Farida Hafeez |
| 260 ## - PUBLICATION, DISTRIBUTION, ETC. (IMPRINT) | |
| Place of publication, distribution, etc | Delhi |
| Name of publisher, distributor, etc | Educational Publishing House |
| Date of publication, distribution, etc | 2009 ء |
| 270 ## - ADDRESS | |
| Address | 3108,Gali Vakil Kucha Pandit Lal Kuan |
| City | Delhi |
| Postal code | 6 |
| Telephone number | 23216162 |
| Fax number | - |
| 300 ## - PHYSICAL DESCRIPTION | |
| Extent | 24 ص |
| Dimensions | 22 Cm(Hb) |
| 942 ## - ADDED ENTRY ELEMENTS (KOHA) | |
| Source of classification or shelving scheme | Dewey Decimal Classification |
| Item type | Urdu Bks |
| Classification part | ک |
| Call number suffix | ف ر ی |
| Withdrawn status | Lost status | Not for loan | Collection code | Home library | Current library | Date acquired | Source of acquisition | Cost, normal purchase price | Full call number | Barcode | Copy number | Cost, replacement price | Koha item type |
|---|---|---|---|---|---|---|---|---|---|---|---|---|---|
| Fiction | Central Library | Central Library | 11/06/2020 | DBAD/PUB | 50.00 | ک ف ر ی | U-9345 | 1 | 50.00 | Urdu Bks |
